Govt. of
Madhya Pradesh

Madhya pradesh PET At a Glance (Record no. 33132)

MARC details
000 -LEADER
fixed length control field 004480000a22001810004500
003 - CONTROL NUMBER IDENTIFIER
control field MACL
005 - DATE AND TIME OF LATEST TRANSACTION
control field 20160124115800.0
008 - FIXED-LENGTH DATA ELEMENTS--GENERAL INFORMATION
fixed length control field 160124b xxu||||| |||| 00| 0 eng d
040 ## - CATALOGING SOURCE
Original cataloging agency MACL
Transcribing agency MACL
041 ## - LANGUAGE CODE
Language code of text/sound track or separate title English
082 ## - DEWEY DECIMAL CLASSIFICATION NUMBER
Classification number 620.543/SHA
100 ## - MAIN ENTRY--PERSONAL NAME
Personal name Sharma, Dr H P
9 (RLIN) 34408
245 ## - TITLE STATEMENT
Title Madhya pradesh PET At a Glance
260 ## - PUBLICATION, DISTRIBUTION, ETC. (IMPRINT)
Name of publisher, distributor, etc. Upkar Prakashan
Place of publication, distribution, etc. Agra
350 ## - PRICE (NR) (BK AM CF MU VM SE) [OBSOLETE]
Price 280
650 ## - SUBJECT ADDED ENTRY--TOPICAL TERM
Topical term or geographic name as entry element Engineering
9 (RLIN) 34409
942 ## - ADDED ENTRY ELEMENTS (KOHA)
Koha item type Books
Call number prefix 620.543/SHA
Source of classification or shelving scheme
Holdings
Withdrawn status Lost status Source of classification or shelving scheme Damaged status Not for loan Home library Current library Date acquired Cost, normal purchase price Total Checkouts Full call number Barcode Date last seen Uniform Resource Identifier Price effective from Koha item type
          MACL MACL 15/04/2015 280.00   620.543/SHA CLC000048 29/04/2015 33189 15/04/2015 Books